A multi-attribute utility model for dispute resolution strategy selection (Record no. 71885)

MARC details
000 -LEADER
fixed length control field 01321cam a2200241 4500
001 - CONTROL NUMBER
control field ABS66243
008 - FIXED-LENGTH DATA ELEMENTS--GENERAL INFORMATION
fixed length control field 030107n2002 000 0 eng u
035 ## - SYSTEM CONTROL NUMBER
System control number (Sirsi) u120932
100 ## - MAIN ENTRY--PERSONAL NAME
Personal name Cheung, S-O
245 #2 - TITLE STATEMENT
Title A multi-attribute utility model for dispute resolution strategy selection
260 ## - PUBLICATION, DISTRIBUTION, ETC.
Date of publication, distribution, etc. 2002
490 ## - SERIES STATEMENT
Series statement Construction Management and Economics
Volume/sequential designation 20(7) October 2002, 557-568(12)
520 ## - SUMMARY, ETC.
Summary, etc. Considers the systematic determination of which dispute resolution strategy to adopt for a given dispute and the paucity of research in this field. Examines a decision-making model using the analytical hierarchy process (AHP) and multi-attribute utility technique (MAUT). The model comprises four parts: selection criteria, dispute resolution strategies, collection of utility factors and selection criteria weightings. The model was developed from data collected from experts using an interview survey and is tested using a hypothetical scenario and case studies. Tables and references [Taken from journal abstract].
590 ## - LOCAL NOTE (RLIN)
Local note ABS
650 ## - SUBJECT ADDED ENTRY--TOPICAL TERM
Topical term or geographic name entry element CONSTRUCTION PROJECTS
650 ## - SUBJECT ADDED ENTRY--TOPICAL TERM
Topical term or geographic name entry element ANALYTIC HIERARCHY PROCESS
650 ## - SUBJECT ADDED ENTRY--TOPICAL TERM
Topical term or geographic name entry element MULTI-ATTRIBUTE UTILITY TECHNIQUE
650 ## - SUBJECT ADDED ENTRY--TOPICAL TERM
Topical term or geographic name entry element SELECTION CRITERIA
650 ## - SUBJECT ADDED ENTRY--TOPICAL TERM
Topical term or geographic name entry element HONG KONG
690 ## - LOCAL SUBJECT ADDED ENTRY--TOPICAL TERM (OCLC, RLIN)
Topical term or geographic name as entry element Dispute resolution
9 (RLIN) 6236
700 ## - ADDED ENTRY--PERSONAL NAME
Personal name SUEN, H.C.H.
942 ## - ADDED ENTRY ELEMENTS (KOHA)
Suppress in OPAC 0
Holdings
Withdrawn status Lost status Source of classification or shelving scheme Damaged status Not for loan Home library Current library Shelving location Date acquired Total Checkouts Full call number Barcode Date last seen Copy number Price effective from Koha item type
    Dewey Decimal Classification     London London Journal article 07/01/2003   ABS66243 120932-1001 06/08/2019 1 06/08/2019 Journal article